Kríza v cestovnom ruchu

Znižujúce sa saldo aktívneho a pasívneho cestovného ruchu je pre domáci turizmus likvidačné. Rekreačné poukážky. Vysoké odvody a DPH. Možnosti atraktívnejšej ponuky. Rezervy v hotelierstve. Hotelier roka 2009.

Saved in:
Bibliographic Details
Main Author: Hudecová-Podhorná, Soňa
Format: Book Chapter
Language:Slovak
Subjects:
Tags: Add Tag
No Tags, Be the first to tag this record!

MARC

LEADER 00000naa$a2200000$$$4500
001 0093581
005 20231109065723.6
041 0 |a slo 
044 |a SK 
245 1 0 |a Kríza v cestovnom ruchu  |c Soňa Hudecová - Podhorná 
520 |a Znižujúce sa saldo aktívneho a pasívneho cestovného ruchu je pre domáci turizmus likvidačné. Rekreačné poukážky. Vysoké odvody a DPH. Možnosti atraktívnejšej ponuky. Rezervy v hotelierstve. Hotelier roka 2009. 
610 2 0 |a ruch cestovný 
610 2 0 |a turistika 
610 2 0 |a ruch cestovný aktívny 
610 2 0 |a ruch cestovný pasívny 
610 2 0 |a saldo 
610 2 0 |a odvody 
610 2 0 |a ponuka 
610 2 0 |a hotely 
100 1 |a Hudecová-Podhorná, Soňa